Stories from Bhaagavtham / (Record no. 160318)

MARC details
000 -LEADER
fixed length control field 00441nam a22001697a 4500
005 - DATE AND TIME OF LATEST TRANSACTION
control field 20190124173349.0
010 ## - LCCN (DPL NO)
LC control number B-128315
020 ## - INTERNATIONAL STANDARD BOOK NUMBER
International Standard Book Number 8172763344
Terms of availability 300.00
035 ## - SYSTEM CONTROL NUMBER
System control number B-128315
037 ## - SOURCE OF ACQUISITION
Source of stock number/acquisition Bharatiya Vidya Bhavan
082 ## - DEWEY DECIMAL CLASSIFICATION NUMBER
Classification number S
100 ## - MAIN ENTRY--PERSONAL NAME
Personal name Suresh, V. Gouri
245 ## - TITLE STATEMENT
Title Stories from Bhaagavtham /
Statement of responsibility, etc V.Gouri Suresh
260 ## - PUBLICATION, DISTRIBUTION, ETC. (IMPRINT)
Place of publication, distribution, etc Mumbai
Name of publisher, distributor, etc Bharatiya Vidya Bhavan
Date of publication, distribution, etc 2004
300 ## - PHYSICAL DESCRIPTION
Extent 333p.
Dimensions 22cm(pbk)
942 ## - ADDED ENTRY ELEMENTS (KOHA)
Source of classification or shelving scheme Dewey Decimal Classification
Item type English Books
Classification part S
Call number suffix SUR
Holdings
Withdrawn status Lost status Not for loan Collection code Home library Current library Date acquired Full call number Barcode Koha item type Public note
      Fiction Sarojini Nagar Sarojini Nagar 24/01/2019 S SUR B-128315 English Books Withdran List Prepared L.No.18/03

© Delhi Public Library
Hit Counter
free hit counter